[Event "SB-2021-0-00624"]
[Site "LSS email"]
[Date "2021.11.15"]
[Round "?"]
[White "Baltar, Antoni"]
[Black "Kulczycki, Michael"]
[Result "1/2-1/2"]
[WhiteElo "1811"]
[BlackElo "1934"]
[PlyCount "61"]
[EventDate "2021.08.21"]
[EventType "tourn (corr)"]
[EventRounds "6"]
[EventCountry "GER"]
[SourceTitle "Corr 2024"]
[Source "ChessBase"]
[SourceDate "2023.10.19"]
[SourceVersion "1"]
[SourceVersionDate "2023.10.19"]
[SourceQuality "1"]

1. e4 c5 2. Nf3 Nc6 3. d4 cxd4 4. Nxd4 g6 5. Nc3 Bg7 6. Be3 Nf6 7. Bc4 0-0 8. Bb3 a5 9. 0-0 Nxd4 10. Bxd4 d6 11. Re1 Bd7 12. a4 Bc6 13. Qd2 Nd7 14. Bxg7 Kxg7 15. Re3 f6 16. Bc4 Ne5 17. Be6 Bd7 18. Bxd7 Nxd7 19. b3 Rc8 20. Nd5 Rf7 21. Rae1 Kh8 22. h3 Nc5 23. Rg3 Rg7 24. Rge3 Rf7 25. Rd1 Rf8 26. f4 Nd7 27. Rc3 Rc6 28. f5 g5 29. Rg3 Ne5 30. c4 Rf7 31. Kf2 1/2-1/2

[Event "SB-2021-0-00624"]
[Site "LSS email"]
[Date "2021.11.15"]
[Round "?"]
[White "D'Emilia, Jack"]
[Black "Kulczycki, Michael"]
[Result "1/2-1/2"]
[WhiteElo "1872"]
[BlackElo "1934"]
[PlyCount "90"]
[EventDate "2021.08.21"]
[EventType "tourn (corr)"]
[EventRounds "6"]
[EventCountry "GER"]
[SourceTitle "Corr 2024"]
[Source "ChessBase"]
[SourceDate "2023.10.19"]
[SourceVersion "1"]
[SourceVersionDate "2023.10.19"]
[SourceQuality "1"]

1. e4 c5 2. Nf3 d6 3. Bb5+ Bd7 4. Bxd7+ Nxd7 5. 0-0 Ngf6 6. Qe2 e6 7. b3 Be7 8. Bb2 0-0 9. Rd1 Rc8 10. c4 e5 11. Rf1 Nb8 12. Ne1 Nc6 13. Nc3 Nd4 14. Qd1 a6 15. Nc2 b5 16. Ne3 Rb8 17. d3 Re8 18. Rb1 Rb7 19. g3 bxc4 20. Ncd5 cxd3 21. Qxd3 Qd7 22. Nxf6+ Bxf6 23. Nd5 Bd8 24. Bxd4 exd4 25. b4 Qb5 26. Qc2 d3 27. Qc3 c4 28. a4 Qc6 29. Rbc1 Rxe4 30. Qxd3 f5 31. Rfd1 Bg5 32. Rc3 Qxa4 33. Qf3 Qd7 34. h4 Bf6 35. Ra3 Bd4 36. Rxa6 h6 37. Ra8+ Kh7 38. Rf8 Ra7 39. h5 c3 40. Nxc3 Bxc3 41. Qxc3 Re8 42. Rxe8 Qxe8 43. Qf3 Rf7 44. Kg2 Qb5 45. Qf4 Qc6+ 1/2-1/2

[Event "LSS No Engine Cup 216 Preliminary 0"]
[Site "LSS email"]
[Date "2021.04.11"]
[Round "?"]
[White "Kulczycki, Michael"]
[Black "Molina, Vicente Andres"]
[Result "1-0"]
[WhiteElo "2104"]
[BlackElo "999"]
[PlyCount "41"]
[EventDate "2021.04.11"]
[EventType "tourn (corr)"]
[EventRounds "6"]
[EventCountry "GER"]
[SourceTitle "Corr 2024"]
[Source "ChessBase"]
[SourceDate "2023.10.19"]
[SourceVersion "1"]
[SourceVersionDate "2023.10.19"]
[SourceQuality "1"]

1. d4 d6 2. e4 Nf6 3. Nc3 Nbd7 4. f4 e5 5. Nf3 c6 6. Bc4 Qc7 7. dxe5 dxe5 8. Ng5 Bb4 9. Bxf7+ Ke7 10. Bb3 Nc5 11. 0-0 Bg4 12. Qe1 Nxb3 13. axb3 Rae8 14. fxe5 Qxe5 15. Bf4 Bc5+ 16. Kh1 Qd4 17. e5 Nd5 18. Ra4 Nb4 19. Qh4 Bf5 20. Nf3+ Kf8 21. Nxd4 1-0

[Event "LSS No Engine Cup 206 Preliminary 0"]
[Site "LSS email"]
[Date "2020.08.24"]
[Round "?"]
[White "Kulczycki, Michael"]
[Black "Louro, Eugenio Diogo"]
[Result "1-0"]
[WhiteElo "2085"]
[BlackElo "1990"]
[PlyCount "41"]
[EventDate "2020.08.24"]
[EventType "tourn (corr)"]
[EventRounds "6"]
[EventCountry "GER"]
[SourceTitle "Corr 2022"]
[Source "ChessBase"]
[SourceDate "2021.10.24"]
[SourceVersion "1"]
[SourceVersionDate "2021.10.24"]
[SourceQuality "1"]

1. Nf3 d5 2. e3 Nf6 3. d4 g6 4. c4 Bg7 5. Nc3 0-0 6. b4 c6 7. Bb2 e6 8. a4 a5 9. b5 dxc4 10. Bxc4 cxb5 11. axb5 b6 12. Ne5 Bb7 13. 0-0 Nbd7 14. Nc6 Qc7 15. Qf3 Nb8 16. d5 exd5 17. Bxd5 Nxc6 18. bxc6 Ba6 19. Rfd1 Rad8 20. Rab1 Rd6 21. Ba3 1-0

[Event "LSS No Engine Cup 206 Preliminary 0"]
[Site "LSS email"]
[Date "2020.08.24"]
[Round "?"]
[White "Langheld, Werner"]
[Black "Kulczycki, Michael"]
[Result "0-1"]
[WhiteElo "1600"]
[BlackElo "2085"]
[PlyCount "48"]
[EventDate "2020.08.24"]
[EventType "tourn (corr)"]
[EventRounds "6"]
[EventCountry "GER"]
[SourceTitle "Corr 2022"]
[Source "ChessBase"]
[SourceDate "2021.10.24"]
[SourceVersion "1"]
[SourceVersionDate "2021.10.24"]
[SourceQuality "1"]

1. d4 Nf6 2. g4 Nxg4 3. f3 Nf6 4. e4 d5 5. e5 Nfd7 6. f4 c5 7. Nc3 Nc6 8. Be3 e6 9. Nf3 cxd4 10. Bxd4 Be7 11. h4 0-0 12. Ng5 Nxd4 13. Qxd4 Qb6 14. Qd3 f5 15. Nxd5 exd5 16. Qxd5+ Kh8 17. 0-0-0 h6 18. Nf7+ Kh7 19. Ng5+ Bxg5 20. hxg5 Nc5 21. Qg2 Be6 22. gxh6 g6 23. Rg1 Rg8 24. Qg5 Rae8 0-1

[Event "SB-2020-0-00600"]
[Site "LSS email"]
[Date "2020.08.15"]
[Round "?"]
[White "Kulczycki, Michael"]
[Black "Krabbenbos, Jan"]
[Result "1/2-1/2"]
[WhiteElo "1998"]
[BlackElo "1984"]
[PlyCount "41"]
[EventDate "2020.06.15"]
[EventType "tourn (corr)"]
[EventRounds "6"]
[EventCountry "GER"]
[SourceTitle "Corr 2022"]
[Source "ChessBase"]
[SourceDate "2021.10.24"]
[SourceVersion "1"]
[SourceVersionDate "2021.10.24"]
[SourceQuality "1"]

1. e4 c6 2. Nf3 d5 3. Nc3 Nf6 4. e5 Ne4 5. d4 Nxc3 6. bxc3 e6 7. Rb1 c5 8. Bb5+ Bd7 9. 0-0 Bxb5 10. Rxb5 Qd7 11. Qe2 b6 12. Be3 c4 13. a4 Ba3 14. Nd2 0-0 15. Ra1 Be7 16. Qg4 Kh8 17. Nf3 Nc6 18. Rab1 Rfb8 19. g3 Rb7 20. Qh5 Kg8 21. h4 1/2-1/2

[Event "LSS No Engine Cup 204 Preliminary 0"]
[Site "LSS email"]
[Date "2020.06.05"]
[Round "?"]
[White "Batres Bianchi, Luis Carlos"]
[Black "Kulczycki, Michael"]
[Result "0-1"]
[WhiteElo "1526"]
[BlackElo "1943"]
[PlyCount "48"]
[EventDate "2020.06.05"]
[EventType "tourn (corr)"]
[EventRounds "6"]
[EventCountry "GER"]
[SourceTitle "Corr 2022"]
[Source "ChessBase"]
[SourceDate "2021.10.24"]
[SourceVersion "1"]
[SourceVersionDate "2021.10.24"]
[SourceQuality "1"]

1. Nf3 d5 2. b3 Bg4 3. Ne5 Bf5 4. Bb2 f6 5. Nf3 e5 6. d3 Nc6 7. Nbd2 Qd7 8. e4 Be6 9. exd5 Bxd5 10. Be2 Nge7 11. c4 Be6 12. Ne4 Nf5 13. 0-0 Be7 14. a3 0-0-0 15. b4 Kb8 16. Qd2 g5 17. Rfd1 g4 18. Ne1 Ncd4 19. Rab1 h5 20. Bf1 h4 21. Nc5 Bxc5 22. bxc5 h3 23. Qb4 hxg2 24. Nxg2 Nf3+ 0-1

[Event "LSS No Engine Cup 204 Preliminary 0"]
[Site "LSS email"]
[Date "2020.06.05"]
[Round "?"]
[White "Kulczycki, Michael"]
[Black "Shim Ng Min, Francis"]
[Result "1-0"]
[WhiteElo "1943"]
[BlackElo "1474"]
[PlyCount "41"]
[EventDate "2020.06.05"]
[EventType "tourn (corr)"]
[EventRounds "6"]
[EventCountry "GER"]
[SourceTitle "Corr 2022"]
[Source "ChessBase"]
[SourceDate "2021.10.24"]
[SourceVersion "1"]
[SourceVersionDate "2021.10.24"]
[SourceQuality "1"]

1. d4 Nf6 2. c4 e6 3. Nc3 Bb4 4. Nf3 Ne4 5. Qc2 Nxc3 6. bxc3 Be7 7. e4 d5 8. exd5 exd5 9. cxd5 Qxd5 10. Bd3 h6 11. 0-0 0-0 12. Rb1 c5 13. Re1 Bf6 14. Ba3 Nc6 15. Bxc5 Rd8 16. Be4 Qd7 17. d5 Ne7 18. Bh7+ Kh8 19. Bxe7 Bxe7 20. Ne5 Qe8 21. Bg6 1-0

[Event "LSS SA-2020-0-00723"]
[Site "LSS email"]
[Date "2020.05.22"]
[Round "?"]
[White "Kulczycki, Michael"]
[Black "Hoehne, Volkmar"]
[Result "1/2-1/2"]
[WhiteElo "2043"]
[BlackElo "2037"]
[PlyCount "51"]
[EventDate "2020.03.29"]
[EventType "tourn (corr)"]
[EventRounds "6"]
[EventCountry "GER"]
[SourceTitle "Corr 2024"]
[Source "ChessBase"]
[SourceDate "2023.10.19"]
[SourceVersion "1"]
[SourceVersionDate "2023.10.19"]
[SourceQuality "1"]

1. d4 d5 2. c4 e6 3. Nf3 Nf6 4. Bg5 Be7 5. Nc3 0-0 6. e3 Nbd7 7. Rc1 c6 8. Qc2 Re8 9. a3 a6 10. h3 h6 11. Bf4 dxc4 12. Bxc4 b5 13. Be2 c5 14. dxc5 Bxc5 15. Ne4 Nxe4 16. Qxe4 Ra7 17. 0-0 Bb7 18. Qd3 Bd5 19. Rfd1 Qa8 20. Nd2 e5 21. Bg3 e4 22. Qb1 Be7 23. a4 Rd8 24. axb5 axb5 25. Bxb5 Nc5 26. Nc4 1/2-1/2

[Event "RB-2019-0-00373"]
[Site "LSS email"]
[Date "2019.07.20"]
[Round "?"]
[White "Kulczycki, Michael"]
[Black "Billio, Maria"]
[Result "1/2-1/2"]
[WhiteElo "2060"]
[BlackElo "2036"]
[PlyCount "51"]
[EventDate "2019.02.18"]
[EventType "tourn (corr)"]
[EventRounds "6"]
[EventCountry "GER"]
[SourceTitle "Corr 2022"]
[Source "ChessBase"]
[SourceDate "2021.10.24"]
[SourceVersion "1"]
[SourceVersionDate "2021.10.24"]
[SourceQuality "1"]

1. d4 d5 2. Nf3 Nf6 3. c4 c6 4. Nc3 a6 5. cxd5 cxd5 6. Bf4 Nc6 7. Rc1 Bf5 8. e3 Rc8 9. Ne5 e6 10. Qb3 Nxe5 11. Bxe5 Qd7 12. Be2 Ne4 13. f3 Nd6 14. Kf2 Nc4 15. Bf4 Bd6 16. Bxd6 Qxd6 17. Bxc4 dxc4 18. Qa3 Qxa3 19. bxa3 Bd3 20. Nd1 Ke7 21. Nb2 Rhd8 22. Rhd1 b5 23. e4 Bb1 24. Rxb1 c3 25. Rd3 cxb2 26. Rxb2 1/2-1/2

[Event "RB-2019-0-00373"]
[Site "LSS email"]
[Date "2019.07.20"]
[Round "?"]
[White "Vaassen, Jack M"]
[Black "Kulczycki, Michael"]
[Result "1/2-1/2"]
[WhiteElo "2117"]
[BlackElo "2060"]
[PlyCount "71"]
[EventDate "2019.02.18"]
[EventType "tourn (corr)"]
[EventRounds "6"]
[EventCountry "GER"]
[SourceTitle "Corr 2022"]
[Source "ChessBase"]
[SourceDate "2021.10.24"]
[SourceVersion "1"]
[SourceVersionDate "2021.10.24"]
[SourceQuality "1"]

1. d4 Nf6 2. Nf3 d5 3. g3 c6 4. Bg2 Bf5 5. c4 e6 6. Nc3 Nbd7 7. Qb3 Qb6 8. c5 Qxb3 9. axb3 a6 10. b4 h6 11. b5 cxb5 12. Nxb5 Rc8 13. Nc3 Be7 14. 0-0 0-0 15. b4 Ne4 16. Bb2 Nb8 17. e3 Nxc3 18. Bxc3 g5 19. Rfd1 Nc6 20. Bf1 g4 21. Ne1 Kg7 22. b5 axb5 23. Bxb5 Ra8 24. Bd3 Kg6 25. Rab1 Ra3 26. Bxf5+ Kxf5 27. Bd2 Rb8 28. Rb2 Bf6 29. Nc2 Ra7 30. Rdb1 h5 31. Bc3 h4 32. gxh4 Bxh4 33. Be1 Bd8 34. Kg2 Ke4 35. Rb3 b5 36. Rxb5 1/2-1/2

[Event "SB-2019-0-00560"]
[Site "LSS email"]
[Date "2019.01.09"]
[Round "?"]
[White "Kulczycki, Michael"]
[Black "Sorcinelli, Andrea"]
[Result "1/2-1/2"]
[WhiteElo "2069"]
[BlackElo "1861"]
[PlyCount "47"]
[EventDate "2018.12.04"]
[EventType "tourn (corr)"]
[EventRounds "6"]
[EventCountry "GER"]
[SourceTitle "Corr 2022"]
[Source "ChessBase"]
[SourceDate "2021.10.24"]
[SourceVersion "1"]
[SourceVersionDate "2021.10.24"]
[SourceQuality "1"]

1. d4 Nf6 2. c4 e6 3. Nf3 d5 4. Nc3 c6 5. e3 Nbd7 6. Qc2 Bd6 7. b3 0-0 8. Be2 e5 9. cxd5 cxd5 10. Nb5 Bb4+ 11. Bd2 Bxd2+ 12. Nxd2 a6 13. dxe5 Nxe5 14. Nd4 Bg4 15. Bxg4 Nfxg4 16. 0-0 Rc8 17. Qf5 g6 18. Qf4 Qd6 19. Qg3 h5 20. N2f3 Rc5 21. Rad1 Re8 22. Nxe5 Qxe5 23. Qxe5 Nxe5 24. Rd2 1/2-1/2

[Event "SB-2019-0-00560"]
[Site "LSS email"]
[Date "2019.01.08"]
[Round "?"]
[White "Kulczycki, Michael"]
[Black "Vodicka, Milan"]
[Result "1/2-1/2"]
[WhiteElo "2069"]
[BlackElo "2001"]
[PlyCount "57"]
[EventDate "2018.12.04"]
[EventType "tourn (corr)"]
[EventRounds "6"]
[EventCountry "GER"]
[SourceTitle "Corr 2022"]
[Source "ChessBase"]
[SourceDate "2021.10.24"]
[SourceVersion "1"]
[SourceVersionDate "2021.10.24"]
[SourceQuality "1"]

1. d4 Nf6 2. c4 g6 3. Nf3 Bg7 4. Nc3 d5 5. Qa4+ Bd7 6. Qb3 Bc6 7. e3 0-0 8. Ne5 Nbd7 9. Nxf7 Rxf7 10. cxd5 Nxd5 11. Nxd5 Nc5 12. dxc5 Bxd5 13. Bc4 Bxc4 14. Qxc4 Qd7 15. 0-0 Rd8 16. Rb1 Qd3 17. Qxd3 Rxd3 18. b4 Rf8 19. g3 Kf7 20. Bb2 e5 21. Rfd1 Rfd8 22. Rdc1 Rd2 23. a4 Ke6 24. Bc3 Ra2 25. Ra1 Rxa1 26. Bxa1 Rd2 27. Kf1 Ra2 28. a5 Bf6 29. Bc3 1/2-1/2

[Event "LSS No Engine Cup 174 Final"]
[Site "LSS email"]
[Date "2018.10.27"]
[Round "?"]
[White "Kulczycki, Michael"]
[Black "Schubert, Steffen"]
[Result "1-0"]
[WhiteElo "2045"]
[BlackElo "2198"]
[PlyCount "55"]
[EventDate "2018.10.28"]
[EventType "tourn (corr)"]
[EventRounds "6"]
[EventCountry "GER"]
[SourceTitle "Corr 2022"]
[Source "ChessBase"]
[SourceDate "2021.10.24"]
[SourceVersion "1"]
[SourceVersionDate "2021.10.24"]
[SourceQuality "1"]

1. e4 e5 2. Nf3 Nf6 3. Nxe5 d6 4. Nf3 Nxe4 5. Nc3 Nxc3 6. dxc3 Be7 7. Bf4 Nc6 8. Qd2 Bg4 9. Be2 0-0 10. 0-0-0 Qd7 11. Kb1 Rfe8 12. h3 Be6 13. g4 a5 14. a3 a4 15. Bb5 h6 16. Rhe1 Ra5 17. c4 Raa8 18. c5 Bf6 19. Rg1 Qd8 20. cxd6 cxd6 21. g5 hxg5 22. Bxg5 Bxg5 23. Rxg5 Qf6 24. Rg3 Kf8 25. h4 Qf5 26. Ng5 Rad8 27. Bxa4 b5 28. Rf3 1-0

[Event "CP-2018-P-00027"]
[Site "LSS email"]
[Date "2018.09.27"]
[Round "?"]
[White "Kulczycki, Michael"]
[Black "Hogar, Raif"]
[Result "1/2-1/2"]
[WhiteElo "2055"]
[BlackElo "2118"]
[PlyCount "80"]
[EventDate "2018.10.01"]
[EventType "tourn (corr)"]
[EventRounds "6"]
[EventCountry "GER"]
[SourceTitle "Corr 2022"]
[Source "ChessBase"]
[SourceDate "2021.10.24"]
[SourceVersion "1"]
[SourceVersionDate "2021.10.24"]
[SourceQuality "1"]

1. d4 Nf6 2. c4 g6 3. Nc3 d5 4. Nf3 Bg7 5. Qb3 dxc4 6. Qxc4 0-0 7. e4 a6 8. e5 b5 9. Qb3 Nfd7 10. Be2 c5 11. e6 cxd4 12. exf7+ Kh8 13. Ne4 Bb7 14. Nfg5 Bxe4 15. Nxe4 Ne5 16. Qh3 Qd7 17. Qxd7 Nbxd7 18. h4 d3 19. Bf1 Rac8 20. h5 gxh5 21. Rxh5 Nc5 22. Ng5 h6 23. Rb1 Rc6 24. Be3 Ng4 25. b4 Ne6 26. Ne4 Nxe3 27. fxe3 Rc2 28. Bxd3 Rxa2 29. Rc1 Rxg2 30. Rf5 Rg1+ 31. Kd2 Rxc1 32. Kxc1 Rc8+ 33. Kd2 Bf8 34. Rf1 Kg7 35. Ke2 Rc7 36. Ng3 Ng5 37. Nf5+ Kh8 38. Rg1 Nxf7 39. Rg6 Ra7 40. Rb6 Nd6 1/2-1/2

[Event "RB-2018-0-00360"]
[Site "LSS email"]
[Date "2018.08.10"]
[Round "?"]
[White "Granara Barreto, Sebastian"]
[Black "Kulczycki, Michael"]
[Result "0-1"]
[WhiteElo "1897"]
[BlackElo "2038"]
[PlyCount "102"]
[EventDate "2018.02.27"]
[EventType "tourn (corr)"]
[EventRounds "6"]
[EventCountry "GER"]
[SourceTitle "Corr 2022"]
[Source "ChessBase"]
[SourceDate "2021.10.24"]
[SourceVersion "1"]
[SourceVersionDate "2021.10.24"]
[SourceQuality "1"]

1. d4 Nf6 2. Bf4 e6 3. Nf3 c5 4. e3 Nc6 5. Nbd2 d5 6. c3 Bd6 7. Bg3 0-0 8. Bb5 Be7 9. Bd3 c4 10. Bc2 b5 11. 0-0 a5 12. Ne5 Nxe5 13. Bxe5 b4 14. Qf3 Bb7 15. Rab1 Rc8 16. Qh3 g6 17. Nf3 Nd7 18. Bf4 Bc6 19. Qg3 Bb5 20. Rfe1 Re8 21. h4 Nf6 22. Bg5 a4 23. Bxf6 Bxf6 24. cxb4 Re7 25. h5 Rb7 26. e4 c3 27. Re3 cxb2 28. Rxb2 dxe4 29. Bxe4 Rbc7 30. Rd2 Rc1+ 31. Kh2 Qf8 32. a3 Be7 33. hxg6 hxg6 34. Bxg6 Qh6+ 35. Bh5+ Kf8 36. Qe5 Bf1 37. g4 Rd8 38. Qg3 Bc4 39. Kg2 Bd5 40. Rde2 Rdc8 41. Qe5 Bd8 42. Qd6+ Kg7 43. Re4 Bc7 44. Qd7 Rf8 45. Qe7 Rc3 46. R2e3 Rxe3 47. Rxe3 Qf4 48. Rd3 Bd6 49. Qh4 Rc8 50. Qg3 Qe4 51. Qxd6 Qxd3 0-1

[Event "CP-2017-Q-00002"]
[Site "LSS email"]
[Date "2017.11.19"]
[Round "?"]
[White "Sitorus, Yosua"]
[Black "Kulczycki, Michael"]
[Result "1/2-1/2"]
[WhiteElo "2234"]
[BlackElo "2034"]
[PlyCount "78"]
[EventDate "2017.11.25"]
[EventType "tourn (corr)"]
[EventRounds "6"]
[EventCountry "GER"]
[SourceTitle "Corr 2022"]
[Source "ChessBase"]
[SourceDate "2021.10.24"]
[SourceVersion "1"]
[SourceVersionDate "2021.10.24"]
[SourceQuality "1"]

1. c4 Nf6 2. Nc3 e5 3. g3 Bb4 4. Bg2 0-0 5. Nf3 Nc6 6. 0-0 e4 7. Ng5 Bxc3 8. bxc3 Re8 9. Qc2 Qe7 10. d3 exd3 11. exd3 h6 12. Nf3 d6 13. Bf4 Bf5 14. Nd4 Nxd4 15. cxd4 Qe2 16. Qxe2 Rxe2 17. Bxb7 Rb8 18. Bf3 Rc2 19. Bd1 Rcb2 20. Bb3 g5 21. Be3 Bxd3 22. Rfd1 Be2 23. Re1 Bf3 24. d5 Ng4 25. Bxa7 Rb7 26. Be3 Nxe3 27. Rxe3 g4 28. Re8+ Kg7 29. Rae1 h5 30. Kf1 Rb6 31. Rc1 c5 32. Rce1 Ra6 33. R8e3 h4 34. gxh4 Ra8 35. Kg1 Kg6 36. h3 Kh5 37. hxg4+ Kxg4 38. Bd1 Bxd1 39. Rxd1 Raxa2 1/2-1/2

[Event "LSS No Engine Cup 174 Preliminary 0"]
[Site "LSS email"]
[Date "2017.10.19"]
[Round "?"]
[White "Kulczycki, Michael"]
[Black "Schoppe, Gottfried"]
[Result "1-0"]
[WhiteElo "2022"]
[BlackElo "1301"]
[PlyCount "31"]
[EventDate "2017.10.20"]
[EventType "tourn (corr)"]
[EventRounds "6"]
[EventCountry "GER"]
[SourceTitle "Corr 2022"]
[Source "ChessBase"]
[SourceDate "2021.10.24"]
[SourceVersion "1"]
[SourceVersionDate "2021.10.24"]
[SourceQuality "1"]

1. e4 e5 2. Nf3 Nc6 3. Bb5 Nge7 4. Nc3 a6 5. Bc4 Ng6 6. h4 h6 7. h5 Nge7 8. d4 exd4 9. Nxd4 Nxd4 10. Qxd4 Nc6 11. Qe3 Ne5 12. Be2 Bb4 13. Qg3 Qf6 14. Bd2 d6 15. Nd5 Bxd2+ 16. Kxd2 1-0

[Event "LSS No Engine Cup 174 Preliminary 0"]
[Site "LSS email"]
[Date "2017.10.19"]
[Round "?"]
[White "Kulczycki, Michael"]
[Black "Vio, Mauro"]
[Result "1-0"]
[WhiteElo "2022"]
[BlackElo "1845"]
[PlyCount "53"]
[EventDate "2017.10.20"]
[EventType "tourn (corr)"]
[EventRounds "6"]
[EventCountry "GER"]
[SourceTitle "Corr 2022"]
[Source "ChessBase"]
[SourceDate "2021.10.24"]
[SourceVersion "1"]
[SourceVersionDate "2021.10.24"]
[SourceQuality "1"]

1. d4 Nf6 2. Nf3 e6 3. g3 d5 4. c4 Bb4+ 5. Bd2 Bxd2+ 6. Qxd2 dxc4 7. Bg2 Nc6 8. Na3 Ne4 9. Qc2 f5 10. 0-0 0-0 11. Nxc4 Nxd4 12. Nxd4 Qxd4 13. Rad1 Qf6 14. Bxe4 fxe4 15. f4 exf3 16. Rxf3 Qe7 17. Ne5 Rxf3 18. exf3 a5 19. a4 Ra6 20. Rc1 c6 21. Rd1 g6 22. Qd2 Ra8 23. Qd8+ Qxd8 24. Rxd8+ Kg7 25. Nc4 b5 26. Nd6 bxa4 27. Rxc8 1-0

[Event "CP-2017-P-00028"]
[Site "LSS email"]
[Date "2017.09.27"]
[Round "?"]
[White "Nowak, Adam"]
[Black "Kulczycki, Michael"]
[Result "1/2-1/2"]
[WhiteElo "2241"]
[BlackElo "2017"]
[PlyCount "64"]
[EventDate "2017.10.01"]
[EventType "tourn (corr)"]
[EventRounds "6"]
[EventCountry "GER"]
[SourceTitle "Corr 2022"]
[Source "ChessBase"]
[SourceDate "2021.10.24"]
[SourceVersion "1"]
[SourceVersionDate "2021.10.24"]
[SourceQuality "1"]

1. d4 Nf6 2. c4 e6 3. Nf3 d5 4. Nc3 Be7 5. Bf4 0-0 6. e3 Nbd7 7. c5 Nh5 8. b4 Nxf4 9. exf4 b6 10. Bb5 Bf6 11. Qc1 a5 12. a3 Nb8 13. Rb1 Bd7 14. Bd3 axb4 15. axb4 Nc6 16. Nb5 Ra4 17. Qc3 Qa8 18. 0-0 bxc5 19. bxc5 Qa5 20. Qxa5 Rxa5 21. g3 Rc8 22. Ra1 Rxa1 23. Rxa1 Rb8 24. Rb1 Bd8 25. h4 f6 26. Kg2 Be8 27. Nc3 Rxb1 28. Bxb1 Bf7 29. Kh3 h6 30. Bd3 Nb4 31. Bb1 Nc6 32. Bc2 Nb4 1/2-1/2